[Event "108th YMCA Summer B"]
[Site "Warszawa"]
[Date "2012.08.21"]
[Round "9"]
[White "Herman, Monika"]
[Black "Bartczak, Hanna"]
[Result "1/2-1/2"]
[WhiteElo "1707"]
[BlackElo "1592"]
[Annotator "Admin"]
[PlyCount "115"]
[EventDate "2012.07.10"]
[EventType "tourn"]
[EventRounds "1"]
[EventCountry "POL"]
[SourceDate "2012.07.11"]

1. e4 c6 2. d4 d5 3. Nc3 dxe4 4. Nxe4 Nd7 5. Nf3 Ngf6 6. Bd3 Nxe4 7. Bxe4 Nf6
8. Bd3 Bg4 9. c3 e6 10. h3 Bh5 11. O-O Qd5 12. Be2 Be7 13. Be3 O-O 14. Qb3 Qxb3
15. axb3 Nd5 16. g4 Bg6 17. b4 Rfd8 18. Ne5 Be4 19. Bd2 f6 20. Nc4 b6 21. Ra2
e5 22. dxe5 fxe5 23. Be3 Nf4 24. Bxf4 exf4 25. Rfa1 f3 26. Bf1 b5 27. Nb6 Rab8
28. Rxa7 Bd6 29. Nd7 Rbc8 30. Nc5 Bxc5 31. bxc5 Rd2 32. Re7 Bd5 33. b4 Rd8 34.
Raa7 Rd1 35. Rxg7+ Kf8 36. Rad7 Bc4 37. Rxd8+ Rxd8 38. Bxc4 Kxg7 39. Be6 Rd3
40. c4 bxc4 41. Bxc4 Rc3 42. Ba6 Rb3 43. b5 cxb5 44. c6 Rc3 45. Bxb5 Kf6 46.
Kh2 h6 47. Kg3 Ke5 48. h4 Kd6 49. Ba4 Kc7 50. g5 hxg5 51. hxg5 Rc5 52. Kxf3
Rxg5 $11 53. Kf4 Rc5 54. Kg3 Kb6 55. f4 Ka5 56. Bd1 Rxc6 57. Bf3 Rg6+ 58. Bg4
$11 1/2-1/2

[Event "108th YMCA Summer B"]
[Site "Warszawa"]
[Date "2012.08.21"]
[Round "9"]
[White "Prus, Marek"]
[Black "Sokur, Ivan"]
[Result "0-1"]
[WhiteElo "1718"]
[BlackElo "1579"]
[PlyCount "126"]
[EventDate "2012.07.10"]
[EventType "tourn"]
[EventRounds "1"]
[EventCountry "POL"]
[SourceDate "2012.07.11"]

1. e4 e6 2. Nf3 d5 3. e5 c5 4. b4 cxb4 5. a3 Nc6 6. axb4 Bxb4 7. c3 Be7 8. d4
Nh6 9. Bd3 a5 10. O-O b6 11. Qe2 Nb8 12. Ba3 Ba6 13. Bxa6 Rxa6 14. c4 O-O 15.
Nc3 Bxa3 16. Rxa3 dxc4 17. Qxc4 Qc8 18. Qd3 Nc6 19. Ne4 Nb4 20. Qd2 Nf5 21. Qg5
Nd5 22. Rc1 Qd8 23. Qd2 Qe7 24. Qa2 Raa8 25. g4 Nh4 26. Nfg5 h6 27. Nh3 Rac8
28. Rf1 Nb4 29. Qb1 Nc2 30. Rg3 Nxd4 31. Qd3 Qb4 32. f4 Rc2 33. Kh1 Qb2 34.
Nhf2 Ne2 35. g5 Nxf4 36. gxh6 Nhg6 37. Rxg6 fxg6 38. Qg3 Rxf2 39. Nxf2 Qxe5 40.
Rd1 Qf5 41. hxg7 Kxg7 42. Qh4 Ne2 43. Rd7+ Rf7 44. Rxf7+ Qxf7 45. Kg2 Nf4+ 46.
Kg3 Nh5+ 47. Kg2 Qf6 48. Qe4 Qg5+ 49. Kf1 Qb5+ 50. Ke1 Qb4+ 51. Qxb4 axb4 52.
Kd2 Nf4 53. Kc2 Kf6 54. Kb3 Nd5 55. Kc4 Kf5 56. Kd4 b3 57. Nd3 g5 58. h3 Nf4
59. Nb2 Nxh3 60. Kc3 g4 61. Nd3 g3 62. Ne1 Nf4 63. Kxb3 g2 0-1

[Event "108th YMCA Summer B"]
[Site "Warszawa"]
[Date "2012.07.27"]
[Round "9"]
[White "Trzpil, Slawomir"]
[Black "Wrabel, Antoni"]
[Result "0-1"]
[WhiteElo "1696"]
[BlackElo "1683"]
[PlyCount "112"]
[EventDate "2012.07.10"]
[EventType "tourn"]
[EventRounds "1"]
[EventCountry "POL"]
[SourceDate "2012.07.11"]

1. e4 e5 2. Nc3 Be7 3. Nf3 d6 4. d4 exd4 5. Nxd4 Nf6 6. Be2 O-O 7. O-O Bd7 8.
Be3 Nc6 9. f4 Nxd4 10. Bxd4 c5 11. Bf2 Bc6 12. Bf3 Qc7 13. Qe2 Rfe8 14. Bh4 a6
15. Rad1 b5 16. a3 b4 17. axb4 cxb4 18. e5 bxc3 19. exf6 Bxf6 20. Qc4 Bxh4 21.
Qxc6 Qa7+ 22. Kh1 Rac8 23. Qa4 cxb2 24. Rxd6 Qb8 25. Rdd1 Qc7 26. Bd5 Bf6 27.
Bb3 Rcd8 28. Rfe1 Rxe1+ 29. Rxe1 g6 30. Qe4 Qe7 31. Qxe7 Bxe7 32. g3 Bb4 33.
Rb1 Bc3 34. Kg1 Rd2 35. h3 Kf8 36. g4 f6 37. h4 Rd4 38. Kg2 Rxf4 39. Kg3 Rd4
40. Rf1 Rd2 41. g5 f5 42. Kf4 Rf2+ 43. Rxf2 b1=Q 44. Rf3 Qc1+ 45. Kg3 Be5+ 46.
Kg2 Qd2+ 47. Rf2 Qe3 48. Kf1 Qh3+ 49. Ke2 Qxh4 50. Rg2 Qe4+ 51. Kf1 Bd4 52. Rg3
Qf4+ 53. Kg2 Qf2+ 54. Kh3 Be5 55. Rg2 Qf3+ 56. Kh4 Qh5# 0-1

[Event "108th YMCA Summer B"]
[Site "Warszawa"]
[Date "2012.08.21"]
[Round "9"]
[White "Szelejewski, Jan"]
[Black "Jackiewicz, Jerzy"]
[Result "1-0"]
[WhiteElo "1806"]
[BlackElo "1501"]
[PlyCount "61"]
[EventDate "2012.07.10"]
[EventType "tourn"]
[EventRounds "1"]
[EventCountry "POL"]
[SourceDate "2012.07.11"]

1. e4 c5 2. Nf3 Nc6 3. d4 cxd4 4. Nxd4 e5 5. Nb5 d6 6. N1c3 a6 7. Na3 Nf6 8.
Bg5 Be7 9. Bxf6 gxf6 10. Nc4 f5 11. Bd3 b5 12. Ne3 f4 13. Ned5 Be6 14. a3 O-O
15. g3 Bg5 16. h4 Bh6 17. Qh5 Bg7 18. gxf4 Ne7 19. Rg1 f5 20. O-O-O fxe4 21.
Bxe4 Bf5 22. Nxe7+ Qxe7 23. Bxf5 Rxf5 24. Qxf5 Rf8 25. Qd3 Qxh4 26. Nd5 Qxf2
27. Rh1 h6 28. Ne7+ Kf7 29. Ng6 Rc8 30. fxe5 Qc5 31. Qf5+ 1-0

[Event "108th YMCA Summer B"]
[Site "Warszawa"]
[Date "2012.08.21"]
[Round "9"]
[White "Kurowski, Andrzej"]
[Black "Rymarowicz, Pawel"]
[Result "1/2-1/2"]
[WhiteElo "1782"]
[BlackElo "1718"]
[Annotator "Admin"]
[PlyCount "78"]
[EventDate "2012.07.10"]
[EventType "tourn"]
[EventRounds "1"]
[EventCountry "POL"]
[SourceDate "2012.07.11"]

1. Nf3 Nf6 2. c4 g6 3. d4 Bg7 4. Nc3 c6 5. e4 d6 6. Be2 Nbd7 7. O-O O-O 8. Re1
c5 9. d5 a6 10. Rb1 Rb8 11. a3 Ne8 12. Qc2 Nc7 13. b4 b6 14. Be3 Rb7 15. Qd2 f5
16. Bh6 fxe4 17. Nxe4 cxb4 18. Bxg7 Kxg7 19. axb4 Nf6 20. Nxf6 Rxf6 21. Nd4 b5
22. Nc6 Qf8 23. Na5 Rb8 24. Qd4 Bf5 25. Rb2 bxc4 26. g4 Nb5 27. Qe3 Bd7 28.
Bxc4 Bxg4 $11 29. Nc6 Rb7 30. Bxb5 axb5 31. Nxe7 Rc7 32. Nc6 Bd7 33. Qb6 Qc8
34. Re7+ Rf7 35. Rxf7+ Kxf7 36. Rc2 Bxc6 37. dxc6 Qg4+ 38. Kf1 Qd1+ 39. Kg2
Qg4+ 1/2-1/2

[Event "108th YMCA Summer B"]
[Site "Warszawa"]
[Date "2012.08.21"]
[Round "9"]
[White "Krzyzanowski, Antoni"]
[Black "Rodak, Przemyslaw"]
[Result "0-1"]
[WhiteElo "1729"]
[BlackElo "1614"]
[PlyCount "58"]
[EventDate "2012.07.10"]
[EventType "tourn"]
[EventRounds "1"]
[EventCountry "POL"]
[SourceDate "2012.07.11"]

1. d4 d5 2. c4 c6 3. Nf3 Nf6 4. Nc3 e6 5. Bg5 h6 6. Bh4 Nbd7 7. e3 Be7 8. Qc2
b6 9. O-O-O Ba6 10. Rg1 Bxc4 11. Bxc4 dxc4 12. g4 Nd5 13. Bg3 Nxc3 14. Qxc3 b5
15. h4 a5 16. Qc2 a4 17. e4 a3 18. d5 axb2+ 19. Kb1 Qa5 20. Qxb2 c3 21. Qc2 Ba3
22. dxe6 fxe6 23. Rxd7 Qb4+ 24. Ka1 Bb2+ 25. Kb1 Rxa2 26. Rd8+ Kxd8 27. Qd3+
Kc8 28. Kxa2 Bc1 29. Qc2 Kb7 0-1

[Event "108th YMCA Summer B"]
[Site "Warszawa"]
[Date "2012.08.23"]
[Round "10"]
[White "Bartczak, Hanna"]
[Black "Rodak, Przemyslaw"]
[Result "0-1"]
[WhiteElo "1592"]
[BlackElo "1614"]
[Annotator "Admin"]
[PlyCount "110"]
[EventDate "2012.07.10"]
[EventType "tourn"]
[EventRounds "1"]
[EventCountry "POL"]
[SourceDate "2012.07.11"]

1. Nf3 d5 2. d4 Nf6 3. c4 c6 4. e3 e6 5. Nc3 Nbd7 6. Bd3 Be7 7. O-O O-O 8. Qc2
b6 9. cxd5 cxd5 10. Qe2 h6 11. Bd2 Bb7 12. Rfc1 Rc8 13. Ba6 Rc7 14. Bxb7 Rxb7
15. Qa6 Qa8 16. Nb5 Ne4 17. Rc7 Rxc7 18. Nxc7 Nb8 19. Qxb6 axb6 20. Nxa8 Nd7
21. Nc7 Rc8 22. Nb5 Nxd2 23. Nxd2 Rc2 24. Nb3 $11 Rxb2 25. Nc3 Rc2 26. Nd1 Ba3
27. Kf1 Nb8 28. f3 Nc6 29. e4 dxe4 30. fxe4 Nb4 31. Ne3 Rc3 32. Ke2 Nxa2 33.
Rxa2 Rxb3 34. Nc4 Bc1 35. Kd1 Bg5 36. Kc2 Rb4 37. Kc3 Rb1 38. Rb2 Rxb2 39. Nxb2
Kf8 40. Nc4 Bd8 41. Kb4 Ke7 42. Kb5 f6 43. Nxb6 Bxb6 44. Kxb6 Kd6 45. Kb5 f5
46. exf5 exf5 47. Kc4 g5 48. d5 h5 49. Kd4 h4 50. h3 g4 51. Ke3 gxh3 52. gxh3
Kxd5 53. Kf4 Ke6 54. Kf3 Ke5 55. Kf2 Ke4 0-1

[Event "108th YMCA Summer B"]
[Site "Warszawa"]
[Date "2012.08.23"]
[Round "10"]
[White "Rymarowicz, Pawel"]
[Black "Krzyzanowski, Antoni"]
[Result "1-0"]
[WhiteElo "1718"]
[BlackElo "1729"]
[Annotator "Admin"]
[PlyCount "119"]
[EventDate "2012.07.10"]
[EventType "tourn"]
[EventRounds "1"]
[EventCountry "POL"]
[SourceDate "2012.07.11"]

1. c4 e5 2. Nc3 Nc6 3. d3 f5 4. g3 Nf6 5. Bg2 d6 6. Nf3 Be6 7. Ng5 Bg8 8. Qb3
Rb8 9. Qa4 Qd7 10. Nd5 a6 11. Nxf6+ gxf6 12. Nf3 Bg7 13. Rb1 Be6 14. O-O O-O
15. Be3 Rfe8 16. a3 Rbd8 17. Qc2 Ne7 18. b4 c6 19. Bb6 Rc8 20. Nh4 d5 21. a4
Ng6 22. Nxg6 hxg6 23. Rfd1 Qf7 24. Rdc1 $11 g5 25. e3 e4 26. c5 Bh6 27. dxe4
fxe4 28. Qd1 g4 29. b5 axb5 30. axb5 Kg7 31. bxc6 bxc6 32. Ra1 Re7 33. Ra4 f5
34. Rca1 Bg5 35. Ra7 Bd7 36. Rb7 Bf6 37. Raa7 Be5 38. Bxe4 Kf6 39. Bg2 Rh8 40.
e4 Qh7 41. exd5 Qxh2+ 42. Kf1 Bc3 43. Rxd7 Re1+ 44. Qxe1 Bxe1 45. Rf7+ Kg6 46.
Rg7+ Kh6 47. Bd8 Bd2 48. dxc6 Re8 49. Bg5+ Bxg5 50. Rh7+ Kg6 51. Rxh2 Bd2 52.
Bd5 Re1+ 53. Kg2 Rc1 54. Be6 Rxc5 55. c7 Be3 56. c8=Q Rxc8 57. Bxc8 Bxa7 58.
Rh1 Kg5 59. Rb1 f4 60. Rb5+ 1-0

[Event "108th YMCA Summer B"]
[Site "Warszawa"]
[Date "2012.08.23"]
[Round "10"]
[White "Jackiewicz, Jerzy"]
[Black "Kurowski, Andrzej"]
[Result "1/2-1/2"]
[WhiteElo "1501"]
[BlackElo "1782"]
[PlyCount "77"]
[EventDate "2012.07.10"]
[EventType "tourn"]
[EventRounds "1"]
[EventCountry "POL"]
[SourceDate "2012.07.11"]

1. e4 e6 2. d4 d5 3. e5 c5 4. c3 Nc6 5. Nf3 Qb6 6. a3 c4 7. Be2 Bd7 8. O-O
O-O-O 9. Nbd2 Na5 10. Rb1 Nb3 11. Nxb3 Ba4 12. Qe1 Bxb3 13. Bd1 Bxd1 14. Qxd1
Bxa3 15. b4 Bxc1 16. Qxc1 f6 17. Ra1 Ne7 18. Ra4 Nc6 19. Qa1 fxe5 20. dxe5 Kb8
21. Rd1 Rdf8 22. Rd2 Rf5 23. Re2 g5 24. Nd4 Nxe5 25. Rxa7 Qxa7 26. Ra2 Qb6 27.
Ra8+ Kc7 28. Rxh8 Rf7 29. Qa8 Kd6 30. Qb8+ Rc7 31. Qf8+ Re7 32. Rxh7 Ng6 33.
Qb8+ Kd7 34. Rxe7+ Nxe7 35. Qe5 Qd6 36. Qxg5 e5 37. Qg4+ Ke8 38. Qh5+ Kd7 39.
Qg4+ 1/2-1/2

[Event "108th YMCA Summer B"]
[Site "Warszawa"]
[Date "2012.08.24"]
[Round "10"]
[White "Wrabel, Antoni"]
[Black "Szelejewski, Jan"]
[Result "0-1"]
[WhiteElo "1683"]
[BlackElo "1806"]
[PlyCount "68"]
[EventDate "2012.07.10"]
[EventType "tourn"]
[EventRounds "1"]
[EventCountry "POL"]
[SourceDate "2012.07.11"]

1. e4 c5 2. Nf3 d6 3. d4 cxd4 4. Nxd4 Nf6 5. Nc3 a6 6. Be2 e6 7. O-O Be7 8. Be3
O-O 9. Qd2 b5 10. a3 Bb7 11. f3 Nbd7 12. Rfd1 Qc7 13. Rac1 Rac8 14. Na2 Ne5 15.
Bf2 Nc4 16. Bxc4 Qxc4 17. b3 Qc7 18. c4 bxc4 19. Rxc4 Qb8 20. Rxc8 Rxc8 21. Rc1
d5 22. exd5 Bxd5 23. Rxc8+ Qxc8 24. Qb2 e5 25. Nc2 e4 26. fxe4 Nxe4 27. Bd4 Bc5
28. Nab4 Bb7 29. h3 Ng3 30. Nd3 Qc6 31. Nde1 Ne2+ 32. Kf2 Nxd4 33. Nxd4 Qf6+
34. Ke3 Qe5+ 0-1

[Event "108th YMCA Summer B"]
[Site "Warszawa"]
[Date "2012.08.03"]
[Round "10"]
[White "Sokur, Ivan"]
[Black "Trzpil, Slawomir"]
[Result "1-0"]
[WhiteElo "1579"]
[BlackElo "1696"]
[PlyCount "87"]
[EventDate "2012.07.10"]
[EventType "tourn"]
[EventRounds "1"]
[EventCountry "POL"]
[SourceDate "2012.07.11"]

1. d4 Nf6 2. c4 d5 3. Nc3 g6 4. Nf3 Bg7 5. Bf4 O-O 6. e3 c5 7. dxc5 Qa5 8. Qc2
Qxc5 9. Be2 dxc4 10. O-O b5 11. Nd4 Nc6 12. Nxc6 Qxc6 13. Bf3 Qb6 14. Bxa8 Bf5
15. Be4 Nxe4 16. Nxe4 Qc6 17. f3 Qb6 18. g4 Bc8 19. Nd2 e5 20. Bg5 f6 21. Bh4
Qxe3+ 22. Bf2 Qf4 23. Rae1 f5 24. Be3 Qxe3+ 25. Rxe3 fxg4 26. fxg4 Bxg4 27.
Rxf8+ Kxf8 28. Qe4 Bf5 29. Rf3 Bh6 30. Rxf5+ gxf5 31. Qxf5+ Kg8 32. Qe6+ Kg7
33. Qxe5+ Kg6 34. Ne4 Bc1 35. Qxb5 h6 36. Qxc4 Bxb2 37. Qe6+ Kg7 38. h4 Bd4+
39. Kg2 Bb2 40. h5 Bc1 41. Qf6+ Kg8 42. Nd6 a5 43. Qg6+ Kh8 44. Nf7# 1-0

[Event "108th YMCA Summer B"]
[Site "Warszawa"]
[Date "2012.08.22"]
[Round "11"]
[White "Trzpil, Slawomir"]
[Black "Herman, Monika"]
[Result "0-1"]
[WhiteElo "1696"]
[BlackElo "1707"]
[PlyCount "152"]
[EventDate "2012.07.10"]
[EventType "tourn"]
[EventRounds "1"]
[EventCountry "POL"]
[SourceDate "2012.07.11"]

1. Nf3 Nf6 2. Nc3 Nc6 3. e4 e5 4. d4 exd4 5. Nxd4 Bb4 6. Nxc6 Bxc3+ 7. bxc3
bxc6 8. e5 Qe7 9. Qe2 Nd5 10. c4 Nb6 11. a4 Ba6 12. Qe4 Bxc4 13. Bxc4 Qb4+ 14.
Bd2 Qxc4 15. Qxc4 Nxc4 16. Bc3 O-O 17. O-O Rfe8 18. Rfe1 d6 19. f4 dxe5 20.
fxe5 Nb6 21. Re4 Re6 22. a5 Nd7 23. Rae1 Rae8 24. Rd1 Nf8 25. Rb4 Rc8 26. Rb7
a6 27. Ra7 c5 28. Rd5 Rc6 29. Bd2 Rb8 30. Be3 c4 31. Rc5 Rxc5 32. Bxc5 Rb5 33.
Bxf8 Kxf8 34. Rxa6 Ke7 35. Rc6 Kd7 36. Rxc4 Rxa5 37. Re4 Rc5 38. Re2 Ke6 39.
Kf2 Rxe5 40. Rd2 Rd5 41. Re2+ Re5 42. Rd2 c5 43. Rd8 Rd5 44. Re8+ Kf6 45. Re2
Rf5+ 46. Kg3 g5 47. Re8 h5 48. Rc8 h4+ 49. Kh3 Re5 50. g3 hxg3 51. hxg3 Kf5 52.
c4 Ke4 53. Rd8 f5 54. Kg2 f4 55. gxf4 gxf4 56. Kf2 Rh5 57. Re8+ Kd4 58. Kf3
Kxc4 59. Kxf4 Rd5 60. Ke4 Rd1 61. Rc8 Kb4 62. Ke3 c4 63. Rb8+ Kc3 64. Ke2 Rd7
65. Rc8 Kb3 66. Rb8+ Kc2 67. Re8 c3 68. Re6 Kb2 69. Rb6+ Kc1 70. Rc6 Kc2 71.
Re6 Rb7 72. Re8 Kb1 73. Rc8 c2 74. Kd2 Rd7+ 75. Ke2 c1=Q 76. Rb8+ Qb2+ 0-1

[Event "108th YMCA Summer B"]
[Site "Warszawa"]
[Date "2012.08.28"]
[Round "11"]
[White "Szelejewski, Jan"]
[Black "Sokur, Ivan"]
[Result "1-0"]
[WhiteElo "1806"]
[BlackElo "1579"]
[PlyCount "81"]
[EventDate "2012.07.10"]
[EventType "tourn"]
[EventRounds "1"]
[EventCountry "POL"]
[SourceDate "2012.07.11"]

1. e4 e6 2. d4 d5 3. Nc3 Nf6 4. Bg5 h6 5. Bh4 g5 6. Bg3 Nxe4 7. Nxe4 dxe4 8. c3
b6 9. h4 Bd6 10. Bxd6 cxd6 11. hxg5 Qxg5 12. Nh3 Qf5 13. g3 Bb7 14. Bg2 Nd7 15.
Qe2 Nf6 16. Nf4 Qa5 17. Nh5 Nd5 18. Qxe4 Rb8 19. Qh4 Nxc3 20. Nf6+ Kf8 21. Bxb7
Nd5+ 22. Kf1 Rxb7 23. Rc1 Qb5+ 24. Kg2 Ne7 25. Qf4 Kg7 26. Ne8+ Kf8 27. Nxd6
Qd5+ 28. Kg1 Ng6 29. Qf6 Kg8 30. Rc8+ Nf8 31. Rxf8+ Kxf8 32. Qxh8+ Ke7 33. Nxb7
Qxb7 34. Rxh6 Qc6 35. Qf6+ Kd6 36. Qf4+ Ke7 37. Rh7 Qe8 38. Qc7+ Kf6 39. Rh6+
Kg7 40. Qf4 Qd8 41. Rh5 1-0

[Event "108th YMCA Summer B"]
[Site "Warszawa"]
[Date "2012.08.28"]
[Round "11"]
[White "Kurowski, Andrzej"]
[Black "Wrabel, Antoni"]
[Result "1/2-1/2"]
[WhiteElo "1782"]
[BlackElo "1683"]
[Annotator "Admin"]
[PlyCount "88"]
[EventDate "2012.07.10"]
[EventType "tourn"]
[EventRounds "1"]
[EventCountry "POL"]
[SourceDate "2012.07.11"]

1. d4 Nf6 2. c4 e6 3. Nf3 b6 4. a3 Bb7 5. Nc3 Be7 6. Bf4 O-O 7. e3 Ne4 8. Qc2
Nxc3 9. Qxc3 Bf6 10. Bd3 d6 11. Qc2 h6 12. O-O-O Qe7 13. e4 e5 14. Be3 Nd7 15.
d5 c6 16. Kb1 cxd5 17. cxd5 Rfc8 18. Qe2 Nc5 19. Rc1 Nxd3 20. Qxd3 Qd7 21. h3
Qa4 22. Rxc8+ Rxc8 23. Rc1 Rxc1+ 24. Kxc1 Ba6 25. Qc2 Qd7 26. Nd2 Bd8 27. b4
Bb5 28. Nb3 Qb7 29. Nd2 Qa6 30. Kb2 Kf8 31. f3 Ke8 32. Nb1 Ba4 33. Qd2 Qc4 34.
Qc3 Qf1 35. Qd2 Bb5 36. Nc3 Bd3 37. a4 Kd7 38. Nd1 Qe2 39. Kc3 Qxd2+ 40. Kxd2
Bf1 41. g4 Kc7 42. Ke1 Ba6 43. b5 $11 Bc8 44. Nc3 a6 $11 1/2-1/2

[Event "108th YMCA Summer B"]
[Site "Warszawa"]
[Date "2012.08.22"]
[Round "11"]
[White "Krzyzanowski, Antoni"]
[Black "Jackiewicz, Jerzy"]
[Result "1/2-1/2"]
[WhiteElo "1729"]
[BlackElo "1501"]
[Annotator "Admin"]
[PlyCount "115"]
[EventDate "2012.07.10"]
[EventType "tourn"]
[EventRounds "1"]
[EventCountry "POL"]
[SourceDate "2012.07.11"]

1. e4 c5 2. Nf3 Nc6 3. d4 cxd4 4. Nxd4 e5 5. Nb5 d6 6. c4 Nf6 7. N1c3 a6 8. Na3
Be7 9. Bd3 O-O 10. O-O b6 11. f4 Rb8 12. f5 h6 13. g4 Nh7 14. Nd5 Bg5 15. Nc2
Bxc1 16. Rxc1 Nf6 17. Nce3 Nd4 18. h3 Bb7 19. Kh2 Nxd5 20. exd5 f6 21. Be4 Rc8
22. b4 Rf7 23. a4 Rfc7 24. Qd3 Qe8 25. Ra1 Qd7 26. Ra3 Qe8 27. Kg3 Kf8 28. Rf2
Ke7 29. Rd2 Qd7 30. Qb1 Kf8 $11 31. Qd1 b5 32. axb5 axb5 33. c5 dxc5 34. bxc5
Rxc5 35. Rxd4 exd4 36. Qxd4 Qd6+ 37. Kg2 b4 38. Ra7 R5c7 39. h4 b3 40. g5 hxg5
41. hxg5 Qe5 42. Qb4+ Qe7 43. Qd4 Ba8 44. Rxa8 Rxa8 45. d6 Ra2+ 46. Kf3 Qd7 47.
dxc7 Qxc7 48. Qb4+ Ke8 49. Qxb3 Qh2 50. Qg8+ Kd7 51. Qxg7+ Kc8 52. Qf8+ Kd7 53.
Qf7+ Kd8 54. Qxf6+ Kc8 55. Qf8+ Kd7 56. Qf7+ Kd8 57. Qf6+ Kc8 58. Qe6+ $11
1/2-1/2

[Event "108th YMCA Summer B"]
[Site "Warszawa"]
[Date "2012.08.28"]
[Round "11"]
[White "Rodak, Przemyslaw"]
[Black "Rymarowicz, Pawel"]
[Result "1/2-1/2"]
[WhiteElo "1614"]
[BlackElo "1718"]
[PlyCount "94"]
[EventDate "2012.07.10"]
[EventType "tourn"]
[EventRounds "1"]
[EventCountry "POL"]
[SourceDate "2012.07.11"]

1. d4 Nf6 2. c4 c5 3. d5 b5 4. cxb5 a6 5. bxa6 g6 6. Nc3 Bg7 7. e4 d6 8. Bb5+
Nbd7 9. Nge2 Qa5 10. Bd2 O-O 11. O-O Ne8 12. Qa4 Qc7 13. b4 cxb4 14. Qxb4 Nc5
15. Rac1 Qb8 16. Rb1 Nc7 17. Qc4 Nxb5 18. Nxb5 Bxa6 19. Bc3 f6 20. a4 Qc8 21.
f3 h5 22. Ned4 Bb7 23. a5 Ra6 24. Ra1 Qd7 25. Nb3 Rc8 26. Qb4 h4 27. h3 Nd3 28.
Qa4 Nf4 29. Rfe1 Raa8 30. N3d4 Nd3 31. Red1 Nf4 32. Qa2 Rc5 33. Rab1 Ba6 34.
Bd2 Nxh3+ 35. gxh3 Bxb5 36. Rxb5 Rxb5 37. Nxb5 Qxb5 38. Be1 g5 39. Rb1 Qd3 40.
Kg2 Kf7 41. Bf2 Rxa5 42. Qxa5 Qxb1 43. Qc7 Qa2 44. Qd7 Qc2 45. Qe6+ Kf8 46. Qd7
Kf7 47. Qe6+ Kf8 1/2-1/2